| 000 | 00396nam a2200133Ia 4500 | ||
|---|---|---|---|
| 005 | 20260326100025.0 | ||
| 008 | 260326s9999||||xx |||||||||||||| ||und|| | ||
| 100 | _aNathan B., Winters | ||
| 245 | 0 |
_aArchitecture is elementary : _b Visual thinking Through Architectural concepts / _cWinters Nathan B. |
|
| 260 | _bGibbs Smith | ||
| 300 | _a272 p. | ||
| 650 | _aARQUITECTURA - ELEMENTOS | ||
| 942 | _cBK | ||
| 999 |
_c6366 _d6366 |
||